| 000 | 02017nac a22002891u 4500 | ||
|---|---|---|---|
| 010 | _a 2004013075 | ||
| 020 | _a0415354617 (hardback) | ||
| 020 | _a0415354625 (pbk.) | ||
| 035 | _a(OCoLC)ocm55600698 | ||
| 082 | 0 | 0 |
_a355.02 _bD958 |
| 090 |
_c2047 _d2047 |
||
| 100 | _a20080729 | ||
| 245 | 0 | 0 |
_aRethinking the nature of war / _cedited by Isabelle Duyvesteyn and Jan Angstrom. |
| 260 |
_aLondon ; _aNew York : _bFrank Cass,2005 _c2005. |
||
| 300 |
_axii, 247 p. ; _c24 cm. |
||
| 440 | 0 | _aCass contemporary security studies series | |
| 504 | _aIncludes bibliographical references and index. | ||
| 505 | 0 | _aDebating the nature of modern war / Jan Angstrom -- Strategy in an age of 'low-intensity' warfare: why Clausewitz is still more relevant than his critics / M.L.R. Smith -- The concept of conventional war and armed conflict in collapsed states / Isabelle Duyvesteyn -- Warfare in civil wars / Stathis N. Kalyvas -- A different kind of war? September 11 and the United States' Afghan war / Colin Mcinnes -- New wars, old warfare? comparing US tactics in Vietnam and Afghanistan / Kersti Larsdotter -- The wars in former Yugoslavia in the 1990s: bringing the state back in / Bob De Graaff -- International operations to contain violence in a complex emergency / John Mackinlay -- Theories of globalisation and sub-state conflict / Paul B. Rich -- Elaborating the 'new war' thesis / Mary Kaldor -- Rethinking the nature of war: some conclusions / Isabelle Duyvesteyn. | |
| 650 | 0 | _aWar. | |
| 650 | 0 |
_aWorld politics _y1989- |
|
| 700 | 1 |
_aDuyvesteyn, Isabelle, _d1972- |
|
| 700 | 1 | _aAngstrom, Jan. | |
| 856 | 4 | 1 |
_3Table of contents _uhttp://www.loc.gov/catdir/toc/ecip0418/2004013075.html |
| 856 | 4 | 1 |
_3Publisher description _uhttp://www.loc.gov/catdir/enhancements/fy0651/2004013075-d.html |
| 942 |
_cBB _k355.02D958 |
||
| 999 |
_c2047 _d2047 |
||